|
|
|
|
| LEADER |
00000nab a2200000 a 4500 |
| 001 |
vtls001500270 |
| 003 |
SK-MaSNL |
| 005 |
20260303210728.0 |
| 008 |
140716s1996 xo 000 0 cze |
| 035 |
|
|
|a SPKCL3005
|
| 040 |
|
|
|a SPKCL
|b slo
|c SNKBUCL
|d ÚIP-SPK(BH)
|e AACR2
|
| 041 |
|
|
|a cze
|
| 044 |
|
|
|a xo
|c SK
|
| 080 |
|
|
|a 379.8:374:376.5
|2 1981
|
| 100 |
1 |
|
|a Bártová, Jana
|4 aut
|9 832038
|
| 245 |
1 |
0 |
|a Význam volného času v prevenci poruch chování
|c Jana Bártová
|
| 650 |
0 |
7 |
|a voľný čas
|2 snkbucl
|9 3355
|
| 650 |
0 |
7 |
|a poruchy správania
|2 snkbucl
|9 18480
|
| 650 |
0 |
7 |
|a voľnočasové aktivity
|2 snkbucl
|9 71413
|
| 773 |
1 |
|
|t Vychovávateľ
|g Roč. 41, č. 2 (1996) s. 9-12
|
| 850 |
|
|
|a Slovenská pedagogická knižnica Bratislava
|
| 852 |
|
|
|a SPKCL
|b KIS3GCP
|b 000710000
|n SK
|
| 999 |
|
|
|c 2201409
|d 2203339
|